Injeel-E-Muqaddas. (Record no. 282)

MARC details
000 -LEADER
fixed length control field 00559nam a2200229 a 4500
020 ## - INTERNATIONAL STANDARD BOOK NUMBER
ISBN
082 00 - DEWEY DECIMAL CLASSIFICATION NUMBER
Classification number 225.591439
Author Cutter BIB
245 ## - TITLE STATEMENT
Title Injeel-E-Muqaddas.
260 ## - PUBLICATION, DISTRIBUTION, ETC. (IMPRINT)
Place of publication Lahore
Name of publisher Bible Society of India
Year of publication 1946
300 ## - PHYSICAL DESCRIPTION
Number of Pages 462p
500 ## - GENERAL NOTE
General note includes index and biblioraphy
505 2# - FORMATTED CONTENTS NOTE
Formatted contents note 3 vols. bound together
650 ## - SUBJECT ADDED ENTRY--TOPICAL TERM
Topical Term Bible-Urdu
942 ## - ADDED ENTRY ELEMENTS (KOHA)
Koha item type Books
Holdings
Home library Current library Date acquired Cost, normal purchase price Full call number Accession Number Koha item type
Henry Martyn Institute Library Henry Martyn Institute Library 05/26/2008 100.00 225.591439 BIB 4726 Archive Book
                   Copyright © 2026 | Henry Martyn Institute | Hyderabad | TS-500052 | INDIA | Implemented by hmi.edu.in
Hit-Count:

Powered by Koha